|
|
|
|
| LEADER |
00934cam a2200253 7i4500 |
| 001 |
0000068624 |
| 005 |
20221102090000.0 |
| 020 |
|
|
|a 9783030460327 (electronic book)
|
| 020 |
|
|
|a 9783030460310
|
| 090 |
0 |
0 |
|a TK7872.D48
|b E25 2021
|
| 245 |
0 |
0 |
|a 3rd EAI International Conference on Robotic Sensor Networks :
|b ROSENET 2019
|c Yujie Li, Huimin Lu, editors.
|
| 264 |
|
|
|a Cham:
|b Springer,
|c 2021.
|
| 300 |
|
|
|a 1 online resource (102 pages):
|b text file, PDF.
|
| 336 |
|
|
|a text
|2 rdacontent
|
| 337 |
|
|
|a computer
|2 rdamedia
|
| 338 |
|
|
|a online resource
|2 rdacarrier
|
| 650 |
|
0 |
|a Sensor networks --
|x Congresses
|
| 650 |
|
0 |
|a Robotics --
|x Congresses
|
| 655 |
|
0 |
|a Electronic books
|
| 700 |
1 |
|
|a Li, Yujie
|
| 700 |
1 |
|
|a Lu, Huimin
|
| 856 |
4 |
2 |
|u http://library.unisel.edu.my/web/guest/mylibrary
|
| 997 |
|
|
|a Communication, Visual Art & Computing, Faculty
|b Computing, Department
|
| 999 |
|
|
|a EBO0012742
|b EBOOK
|c EBOOK
|e Electronic resources
|